[Event "Polofinale MCR junioru 2013"]
[Site "Havlickuv Brod - hotel Slunce"]
[Date "2013.11.19"]
[Round "3.3"]
[White "Slampa, Jan"]
[Black "Starek, Stanislav"]
[Result "1-0"]
[WhiteElo "2097"]
[BlackElo "2135"]
[PlyCount "63"]
[EventDate "2013.11.17"]

1. e4 d6 2. f4 e5 3. Nf3 Nc6 4. Bc4 Be7 5. O-O exf4 6. d4 g5 7. c3 Nh6 8. h4
Bg4 9. hxg5 Bxg5 10. Qd3 f6 11. Nh2 Qd7 12. Bxf4 O-O-O 13. Qg3 Ne7 14. Bxg5
fxg5 15. Rf6 d5 16. Rxh6 Ng8 17. Qxg4 Nxh6 18. Qxd7+ Kxd7 19. Bxd5 g4 20. Nd2
c6 21. Bc4 Rhf8 22. g3 b5 23. Be2 Kc7 24. Nb3 Rde8 25. Nc5 Rf6 26. a4 Nf5 27.
Nxg4 Rd6 28. axb5 Nxg3 29. Rxa7+ Kb8 30. b6 Nxe2+ 31. Kf2 h5 32. Na6+ 1-0

[Event "Polofinale MCR junioru 2013"]
[Site "Havlickuv Brod - hotel Slunce"]
[Date "2013.11.19"]
[Round "3.4"]
[White "Pulpan, Jakub"]
[Black "Stachon, Martin"]
[Result "1/2-1/2"]
[WhiteElo "2089"]
[BlackElo "2113"]
[PlyCount "24"]
[EventDate "2013.11.17"]

1. e4 c5 2. Nf3 e6 3. d4 cxd4 4. Nxd4 Nc6 5. Nc3 Qc7 6. Be2 a6 7. Be3 Nf6 8. f4
Bb4 9. Bf3 d5 10. exd5 Nxd5 11. Bxd5 exd5 12. Nxc6 Bxc3+ 1/2-1/2

[Event "Polofinale MCR junioru 2013"]
[Site "Havlickuv Brod - hotel Slunce"]
[Date "2013.11.19"]
[Round "3.5"]
[White "Dobes, Vojtech"]
[Black "Kraus, Tomas"]
[Result "1/2-1/2"]
[WhiteElo "2116"]
[BlackElo "2346"]
[PlyCount "75"]
[EventDate "2013.11.17"]

1. d4 d5 2. c4 e6 3. cxd5 exd5 4. Nc3 c6 5. Bf4 Bd6 6. Bxd6 Qxd6 7. e3 Bf5 8.
Bd3 Bxd3 9. Qxd3 Nf6 10. Nf3 Nbd7 11. O-O O-O 12. a3 a5 13. Nd2 Rfe8 14. f3 Re6
15. Rfe1 Rae8 16. Nf1 Nb6 17. Rad1 Nc4 18. Re2 b5 19. e4 dxe4 20. fxe4 Qd8 21.
e5 Nd5 22. Nxd5 Qxd5 23. Ne3 Nxe3 24. Rxe3 Rd8 25. b4 axb4 26. axb4 Ra8 27. Qb3
Qd7 28. d5 cxd5 29. Qxd5 Qe8 30. Qd7 f6 31. Qd5 f5 32. Rc3 Kh8 33. Rc5 Rb8 34.
Qd7 Rxe5 35. Rxe5 Qxe5 36. Qd8+ Qe8 37. Qxe8+ Rxe8 38. Rd5 1/2-1/2

[Event "Polofinale MCR junioru 2013"]
[Site "Havlickuv Brod - hotel Slunce"]
[Date "2013.11.19"]
[Round "3.6"]
[White "Rabatin, Jakub"]
[Black "Ptacek, Tomas"]
[Result "1/2-1/2"]
[WhiteElo "2243"]
[BlackElo "2024"]
[PlyCount "91"]
[EventDate "2013.11.17"]

1. e4 e6 2. d4 d5 3. Nc3 Nf6 4. e5 Nfd7 5. f4 c5 6. Nf3 Nc6 7. Ne2 Be7 8. c3 a6
9. a3 c4 10. g3 Na5 11. Be3 Nb6 12. Bh3 Bd7 13. O-O g6 14. g4 h5 15. gxh5 Rxh5
16. Bg4 Rh8 17. Ng5 Bf8 18. Ng3 Qe7 19. Kg2 O-O-O 20. Rh1 Rh4 21. h3 Bg7 22.
Qe2 Kb8 23. Rad1 Rg8 24. Bf2 Rhh8 25. h4 Bh6 26. Nf1 Nc8 27. Ng3 b5 28. Be3 Nb6
29. h5 Na8 30. hxg6 fxg6 31. Rh3 Nc7 32. Rdh1 Qg7 33. Kg1 Bxg5 34. Rxh8 Rxh8
35. Rxh8+ Qxh8 36. fxg5 Nc6 37. Qf3 Qg8 38. Ne2 Ne8 39. Nf4 Ne7 40. Qh3 Ng7 41.
Bd1 Ngf5 42. Bf2 Kc7 43. Bc2 a5 44. Bxf5 Nxf5 45. Ng2 Qg7 46. Ne1 1/2-1/2

[Event "Polofinale MCR junioru 2013"]
[Site "Havlickuv Brod - hotel Slunce"]
[Date "2013.11.19"]
[Round "3.7"]
[White "Kozusek, Daniel"]
[Black "Balacek, Tadeas"]
[Result "0-1"]
[WhiteElo "2085"]
[BlackElo "2201"]
[PlyCount "46"]
[EventDate "2013.11.17"]

1. e4 e6 2. d4 d5 3. Nc3 Bb4 4. e5 Ne7 5. a3 Bxa3 6. bxa3 b6 7. Qg4 Ng6 8. Bg5
Qd7 9. h4 h5 10. Qf3 Qc6 11. a4 Ba6 12. Bxa6 Nxa6 13. Nge2 Qc4 14. O-O c5 15.
Rfd1 Nb8 16. Ng3 Nc6 17. Nxh5 Rh7 18. Nf4 Nxf4 19. Bxf4 cxd4 20. Rd3 Rxh4 21.
Bg3 Rh7 22. Rad1 Ke7 23. Rxd4 Rah8 0-1

[Event "Polofinale MCR junioru 2013"]
[Site "Havlickuv Brod - hotel Slunce"]
[Date "2013.11.19"]
[Round "3.8"]
[White "Hrdina, Robin"]
[Black "Haman, Jakub"]
[Result "1/2-1/2"]
[WhiteElo "2080"]
[BlackElo "2182"]
[PlyCount "64"]
[EventDate "2013.11.17"]

1. Nf3 Nf6 2. g3 g6 3. Bg2 Bg7 4. O-O O-O 5. d4 d6 6. Re1 Nc6 7. c3 a5 8. a4 e5
9. e4 Re8 10. dxe5 dxe5 11. Qc2 Bg4 12. h3 Bxf3 13. Bxf3 Qd7 14. Bg2 Rad8 15.
Na3 h6 16. Nb5 Nb8 17. Be3 Na6 18. Rad1 Qe7 19. Rxd8 Rxd8 20. Rd1 Bf8 21. Na3
Rxd1+ 22. Qxd1 Qd7 23. Qb3 b6 24. Nc4 Qe6 25. Qb5 Nc5 26. Bxc5 Bxc5 27. Nxa5
Nxe4 28. Bxe4 Qf6 29. Qe2 bxa5 30. Qd2 Qb6 31. Kg2 Kg7 32. h4 h5 1/2-1/2

[Event "Polofinale MCR junioru 2013"]
[Site "Havlickuv Brod - hotel Slunce"]
[Date "2013.11.19"]
[Round "3.9"]
[White "Nguyen, Thai Dai Van"]
[Black "Toman, Ondrej"]
[Result "1/2-1/2"]
[WhiteElo "2176"]
[BlackElo "2080"]
[PlyCount "120"]
[EventDate "2013.11.17"]

1. e4 c6 2. d4 d5 3. exd5 cxd5 4. Bd3 Nc6 5. c3 Nf6 6. h3 e5 7. dxe5 Nxe5 8.
Nf3 Nxd3+ 9. Qxd3 Be7 10. O-O O-O 11. Be3 b6 12. Nbd2 Bb7 13. Rfe1 Ne4 14. Rad1
Qc7 15. Nd4 Rfe8 16. N2f3 Rad8 17. Ne2 Qc4 18. Qb1 Bf6 19. Bd4 Bc8 20. Bxf6
Nxf6 21. Rd4 Qb5 22. a4 Qc6 23. Nf4 g6 24. Rxe8+ Rxe8 25. Qd1 Be6 26. Ne5 Qc7
27. Ned3 a5 28. Nxe6 fxe6 29. f4 Ne4 30. Ne5 Kg7 31. c4 Nf6 32. cxd5 exd5 33.
Ng4 Nxg4 34. hxg4 Qc5 35. Kh2 Qe7 36. g5 Qe3 37. Qd2 Qxd2 38. Rxd2 Re4 39. Rxd5
Rxa4 40. Rd7+ Kg8 41. Kg3 Rb4 42. Rd8+ Kf7 43. Rd7+ Ke6 44. Rxh7 Rxb2 45. Rg7
a4 46. Rxg6+ Kf7 47. Rc6 a3 48. Rc7+ Kg6 49. Ra7 a2 50. Kf3 b5 51. Kg4 Rxg2+
52. Kf3 Rc2 53. Kg4 Rg2+ 54. Kf3 b4 55. Kxg2 b3 56. Kf3 b2 57. Rxa2 b1=Q 58.
Ra6+ Kf7 59. Rf6+ Kg7 60. Kg4 Qe4 1/2-1/2

[Event "Polofinale MCR junioru 2013"]
[Site "Havlickuv Brod - hotel Slunce"]
[Date "2013.11.19"]
[Round "3.10"]
[White "Cap, Adam"]
[Black "Machan, Jan"]
[Result "0-1"]
[WhiteElo "2075"]
[BlackElo "2144"]
[PlyCount "120"]
[EventDate "2013.11.17"]

1. e4 e5 2. d4 exd4 3. Qxd4 Nc6 4. Qe3 g6 5. Bc4 Bg7 6. Nf3 d6 7. Nc3 Nf6 8.
Bd2 O-O 9. h3 Re8 10. O-O-O Na5 11. Qd3 Nxc4 12. Qxc4 Be6 13. Qd3 a6 14. Rhe1
b5 15. Bg5 h6 16. Bh4 Bc4 17. Qd2 g5 18. Nxg5 hxg5 19. Qxg5 Qc8 20. f4 b4 21.
Nd5 Bxd5 22. exd5 Nh7 23. Qh5 Qd7 24. Rxe8+ Rxe8 25. Rd3 f5 26. g4 Qf7 27.
Qxf7+ Kxf7 28. a3 fxg4 29. hxg4 Re4 30. Bd8 Rxf4 31. Bxc7 Ke7 32. Rh3 Nf6 33.
g5 Ne4 34. Kb1 Nxg5 35. Rb3 Rc4 36. Bb8 a5 37. axb4 Rxb4 38. Rxb4 axb4 39. Ka2
Bd4 40. Kb3 Bc5 41. Bc7 Kf6 42. Bd8+ Kf5 43. c3 bxc3 44. Kxc3 Nf7 45. Bc7 Ke4
46. b4 Bd4+ 47. Kc4 Ne5+ 48. Kb5 Kxd5 49. Ka6 Nc4 50. Kb7 Bc3 51. b5 Ba5 52.
Bb8 Kc5 53. b6 Bxb6 54. Bxd6+ Nxd6+ 55. Kb8 Kc6 56. Ka8 Bc7 57. Ka7 Nc8+ 58.
Ka6 Bd6 59. Ka5 Bc5 60. Ka6 Nb6 0-1

[Event "Polofinale MCR junioru 2013"]
[Site "Havlickuv Brod - hotel Slunce"]
[Date "2013.11.19"]
[Round "3.11"]
[White "Marek, Matyas"]
[Black "Braun, Marek"]
[Result "1-0"]
[WhiteElo "2017"]
[BlackElo "2229"]
[PlyCount "56"]
[EventDate "2013.11.17"]

1. Nf3 d6 2. d4 Nf6 3. g3 Nbd7 4. c4 e5 5. Bg2 Be7 6. O-O O-O 7. Nc3 c6 8. e4
Re8 9. Qc2 Qc7 10. h3 a6 11. a4 a5 12. Be3 Bf8 13. Rae1 Rb8 14. c5 exd4 15.
cxd6 Bxd6 16. Nxd4 Bc5 17. f4 Qb6 18. Qf2 Nf8 19. e5 Nd5 20. Nxd5 cxd5 21. Nb5
Bxe3 22. Qxe3 Qxe3+ 23. Rxe3 Rd8 24. Nd6 d4 25. Rd3 Ne6 26. f5 Nc5 27. Rxd4 Rf8
28. e6 b5 1-0

[Event "Polofinale MCR junioru 2013"]
[Site "Havlickuv Brod - hotel Slunce"]
[Date "2013.11.19"]
[Round "3.12"]
[White "Liska, Jiri"]
[Black "Walek, Petr"]
[Result "0-1"]
[WhiteElo "1865"]
[BlackElo "2099"]
[PlyCount "72"]
[EventDate "2013.11.17"]

1. e4 e5 2. Nf3 Nf6 3. Nc3 Nc6 4. d4 exd4 5. Nxd4 Bb4 6. Nxc6 bxc6 7. Bd3 d5 8.
exd5 cxd5 9. O-O O-O 10. Bg5 c6 11. Qf3 Bd6 12. h3 Rb8 13. Na4 Be5 14. c3 Qc7
15. Rfe1 Nd7 16. Rad1 Bd6 17. Bc2 Ne5 18. Qh5 Ng6 19. b4 Ba6 20. Nc5 Bc4 21.
Bf5 Rfe8 22. Nd7 Ra8 23. Kh1 Bxa2 24. Re3 Bf4 25. Rf3 Bxg5 26. Qxg5 Rad8 27.
Nc5 Bc4 28. Rg3 Qe7 29. Qc1 Qe2 30. Bd7 Re7 31. Bxc6 Qxf2 32. Rf3 Qh4 33. Kh2
Ne5 34. Rf6 Qh6 35. Ba4 Ng6 36. Rd4 Qxc1 0-1

[Event "Polofinale MCR junioru 2013"]
[Site "Havlickuv Brod - hotel Slunce"]
[Date "2013.11.19"]
[Round "3.13"]
[White "Liduch, Filip"]
[Black "Kratochvil, Vit"]
[Result "0-1"]
[WhiteElo "1856"]
[BlackElo "2040"]
[PlyCount "96"]
[EventDate "2013.11.17"]

1. e4 c5 2. Nf3 d6 3. d4 cxd4 4. Nxd4 Nf6 5. Nc3 g6 6. Be2 Bg7 7. Be3 O-O 8.
O-O Nc6 9. Qd2 Bd7 10. Rad1 Rc8 11. Rfe1 Ne5 12. Bg5 Bc6 13. f3 a6 14. Nxc6
bxc6 15. Kh1 Qb6 16. Na4 Qb7 17. Qa5 Ra8 18. c4 c5 19. Qd2 Rfe8 20. Nc3 Nc6 21.
b3 Nd7 22. Bf1 Nd4 23. Ne2 a5 24. Be3 Nxe2 25. Bxe2 a4 26. Rb1 Reb8 27. g3 axb3
28. axb3 Ra3 29. Bd1 Ne5 30. Qd5 Qa6 31. Rc1 Ra2 32. Rc2 Rxc2 33. Bxc2 Nxf3 34.
Rf1 Ne5 35. Bf4 Rf8 36. Bxe5 Bxe5 37. Qd3 Qb7 38. Qf3 Qb4 39. Qd3 e6 40. Qf3
Qb7 41. Rd1 Ra8 42. Kg2 Ra2 43. Rd2 Qa7 44. Re2 Bd4 45. Qd3 Ra1 46. Rd2 Rg1+
47. Kf3 Qe7 48. Ke2 Qf6 0-1

[Event "Polofinale MCR junioru 2013"]
[Site "Havlickuv Brod - hotel Slunce"]
[Date "2013.11.19"]
[Round "3.14"]
[White "Riha, Jaroslav"]
[Black "Stancik, Jakub"]
[Result "0-1"]
[WhiteElo "2028"]
[BlackElo "1849"]
[PlyCount "66"]
[EventDate "2013.11.17"]

1. c4 e5 2. g3 Nf6 3. Bg2 d5 4. cxd5 Nxd5 5. Nf3 Nc6 6. Nc3 Nb6 7. O-O Be7 8.
d3 O-O 9. Be3 Be6 10. Ne4 Rb8 11. Bc5 f5 12. Bxe7 Qxe7 13. Nc3 Rbd8 14. Qc2 Kh8
15. a3 a5 16. Rac1 g5 17. h3 g4 18. hxg4 fxg4 19. Nd2 Nd4 20. Qd1 Rf6 21. e3
Nf5 22. Nce4 Rh6 23. Qc2 Nd5 24. Nc5 Qf7 25. Nxe6 Qh5 26. Rfe1 Qh2+ 27. Kf1
Rxe6 28. Bxd5 Rxd5 29. Ne4 Qh1+ 30. Ke2 Qf3+ 31. Kd2 Qxe4 32. d4 exd4 33. Qxe4
dxe3+ 0-1

[Event "Polofinale MCR junioru 2013"]
[Site "Havlickuv Brod - hotel Slunce"]
[Date "2013.11.19"]
[Round "3.15"]
[White "Navratil, Marek"]
[Black "Kozel, Jiri"]
[Result "1/2-1/2"]
[WhiteElo "1843"]
[BlackElo "2014"]
[PlyCount "125"]
[EventDate "2013.11.17"]

1. e4 c5 2. Nf3 Nc6 3. d4 cxd4 4. Nxd4 e5 5. Nb5 d6 6. c4 Be7 7. Be2 f5 8. N5c3
f4 9. Nd5 Nf6 10. Nbc3 a6 11. Nxf6+ Bxf6 12. Bg4 Nd4 13. Bxc8 Rxc8 14. Qd3 O-O
15. Ne2 Nc6 16. O-O Kh8 17. b3 b5 18. cxb5 Nb4 19. Qd2 Nc2 20. Rb1 Bg5 21. Nc3
Nd4 22. Kh1 axb5 23. f3 Rf7 24. Bb2 Ra7 25. Rfc1 Bh6 26. Ba1 Rca8 27. Qd3 Qb8
28. a4 b4 29. Nd5 Ne6 30. Rc4 Rb7 31. Qd2 Nc5 32. Rxb4 Raa7 33. Bc3 g5 34. a5
g4 35. Rxb7 Rxb7 36. b4 Bg7 37. Nb6 Ne6 38. Ra1 Bf8 39. b5 h5 40. Qd5 Ng5 41.
Qd3 Rg7 42. Nd5 gxf3 43. gxf3 Nh3 44. Rf1 Rg1+ 45. Rxg1 Nf2+ 46. Kg2 Nxd3 47.
b6 Qb7 48. h3 Bg7 49. Kh2 Qc8 50. Rg5 Bh6 51. Rg6 Kh7 52. Rg2 Bf8 53. Ra2 Qc4
54. Rg2 Nc5 55. Bb4 Nb7 56. Bc3 Qb3 57. a6 Nc5 58. a7 Qa3 59. Bb4 Qa6 60. Bxc5
dxc5 61. Nc7 Qxb6 62. a8=Q Qxc7 63. Qe8 1/2-1/2

[Event "Polofinale MCR junioru 2013"]
[Site "Havlickuv Brod - hotel Slunce"]
[Date "2013.11.19"]
[Round "3.16"]
[White "Alfimov, Igor"]
[Black "Havelka, Jan"]
[Result "1-0"]
[WhiteElo "2008"]
[BlackElo "1835"]
[PlyCount "101"]
[EventDate "2013.11.17"]

1. d4 Nf6 2. c4 c5 3. d5 b5 4. cxb5 a6 5. bxa6 g6 6. Nc3 Bxa6 7. e4 Bxf1 8.
Kxf1 d6 9. Nf3 Nbd7 10. g3 Bg7 11. Kg2 O-O 12. a4 Qb6 13. Qc2 Rfb8 14. Nb5 Ne8
15. Rb1 Nc7 16. Nxc7 Qxc7 17. Bd2 Qa7 18. a5 Rb5 19. b4 cxb4 20. Bxb4 Rab8 21.
Bd2 Rb2 22. Rxb2 Rxb2 23. Qc8+ Nf8 24. Rc1 Rxd2 25. Nxd2 Qxa5 26. Nf3 Qa4 27.
Qc4 Qxc4 28. Rxc4 h6 29. Nd4 Bxd4 30. Rxd4 g5 31. f4 gxf4 32. gxf4 f6 33. Kf3
Kh7 34. Kg4 Ng6 35. Rb4 h5+ 36. Kxh5 Nxf4+ 37. Kg4 Nd3 38. Rb1 Kg6 39. Rb7 Ne5+
40. Kf4 Kf7 41. Kf5 Ng6 42. Rb2 Nh4+ 43. Kg4 Ng6 44. Rb3 e6 45. Rb7+ Ne7 46.
dxe6+ Kxe6 47. Rxe7+ Kxe7 48. Kf5 Kf7 49. h4 Kg7 50. h5 Kf7 51. h6 1-0

[Event "Polofinale MCR junioru 2013"]
[Site "Havlickuv Brod - hotel Slunce"]
[Date "2013.11.19"]
[Round "3.17"]
[White "Kopriva, Martin"]
[Black "Chmel, Kristian"]
[Result "0-1"]
[WhiteElo "1832"]
[BlackElo "2002"]
[PlyCount "118"]
[EventDate "2013.11.17"]

1. e4 c5 2. Nf3 d6 3. d4 cxd4 4. Qxd4 a6 5. c4 Nc6 6. Qd2 g6 7. b3 Bg7 8. Nc3
Nf6 9. Bb2 O-O 10. Bd3 Bg4 11. Be2 Qa5 12. Rb1 b5 13. a3 bxc4 14. b4 Qc7 15.
O-O Qb7 16. Qe3 Rac8 17. h3 Bxf3 18. Bxf3 e5 19. Ne2 h5 20. Rfd1 Rfd8 21. g3
Kh7 22. Kh2 Bh6 23. Qc3 Na7 24. Qc2 Qb6 25. Nc3 Nb5 26. Nd5 Nxd5 27. Rxd5 c3
28. Bc1 Bxc1 29. Rxc1 Nxa3 30. Qa2 Qxb4 31. Qe2 Qb2 32. Qe3 Nc2 33. Qg5 Nd4 34.
Bxh5 Qxf2+ 35. Kh1 Nf3 36. Bxf3 Qxf3+ 37. Kg1 Qxe4 38. Rdd1 Kg7 39. Rf1 Qd4+
40. Kh1 Qd5+ 41. Kg1 Qe6 42. Rf2 f6 43. Qe3 d5 44. Rcf1 d4 45. Qe4 Rf8 46. g4
Qc6 47. Qc2 Rb8 48. g5 f5 49. Qe2 Qb5 50. Qa2 e4 51. h4 e3 52. Rh2 d3 53. h5 e2
54. Ra1 d2 55. Rxe2 Qxe2 56. Qd5 Qe1+ 57. Kh2 Rbe8 58. h6+ Kh7 59. Rxe1 dxe1=Q
0-1

[Event "Polofinale MCR junioru 2013"]
[Site "Havlickuv Brod - hotel Slunce"]
[Date "2013.11.19"]
[Round "3.18"]
[White "Skalicky, Tomas"]
[Black "Tuma, Jan"]
[Result "1-0"]
[WhiteElo "1989"]
[BlackElo "1817"]
[PlyCount "71"]
[EventDate "2013.11.17"]

1. d4 b5 2. e4 Bb7 3. Bd3 Nf6 4. Qe2 g6 5. Nf3 a6 6. O-O Bg7 7. c3 O-O 8. Bf4
Nh5 9. Be3 e6 10. Re1 Nc6 11. Qd2 Ne7 12. Bh6 f5 13. Bxg7 Kxg7 14. Qe3 fxe4 15.
Bxe4 Nd5 16. Bxd5 Bxd5 17. Qe5+ Kg8 18. Nbd2 Nf4 19. Qe3 Rf5 20. b3 Qf6 21. c4
Bxf3 22. Qxf3 d5 23. cxd5 exd5 24. g4 Nh3+ 25. Qxh3 Rxf2 26. Qe3 Rf4 27. h3 h5
28. Rf1 Qxd4 29. Qxd4 Rxd4 30. Nf3 Re4 31. gxh5 gxh5 32. Rac1 Rc8 33. Rc5 Re2
34. Rf2 Rxf2 35. Kxf2 Kf7 36. Rxd5 1-0

[Event "Polofinale MCR junioru 2013"]
[Site "Havlickuv Brod - hotel Slunce"]
[Date "2013.11.19"]
[Round "3.19"]
[White "Skorepa, Jakub"]
[Black "Horak, Ales"]
[Result "0-1"]
[WhiteElo "1804"]
[BlackElo "1988"]
[PlyCount "40"]
[EventDate "2013.11.17"]

1. e4 e5 2. Nf3 Nc6 3. Bb5 a6 4. Ba4 Nf6 5. O-O b5 6. Bb3 Be7 7. Re1 O-O 8. c3
d5 9. exd5 Nxd5 10. Nxe5 Nxe5 11. Rxe5 c6 12. d4 Bd6 13. Re1 Qh4 14. g3 Qh3 15.
Nd2 Bg4 16. f3 Bxg3 17. hxg3 Qxg3+ 18. Kh1 Nf4 19. Re2 Bxf3+ 20. Nxf3 Qxf3+ 0-1

[Event "Polofinale MCR junioru 2013"]
[Site "Havlickuv Brod - hotel Slunce"]
[Date "2013.11.19"]
[Round "3.20"]
[White "Kaluzny, Matyas"]
[Black "Stuchly, Ondrej"]
[Result "1-0"]
[WhiteElo "1985"]
[BlackElo "1803"]
[PlyCount "23"]
[EventDate "2013.11.17"]

1. e4 e6 2. d4 d5 3. e5 c5 4. c3 Qb6 5. Nf3 Bd7 6. Bd3 Bb5 7. dxc5 Bxc5 8. O-O
Bxd3 9. Qxd3 Ne7 10. b4 Bxb4 11. cxb4 Qxb4 12. Ba3 1-0

[Event "Polofinale MCR junioru 2013"]
[Site "Havlickuv Brod - hotel Slunce"]
[Date "2013.11.19"]
[Round "3.21"]
[White "Strnad, Jakub"]
[Black "Chromik, Tomas"]
[Result "0-1"]
[WhiteElo "1772"]
[BlackElo "1940"]
[PlyCount "90"]
[EventDate "2013.11.17"]

1. e4 e5 2. Nf3 Nf6 3. Nxe5 d6 4. Nf3 Nxe4 5. d4 d5 6. Bd3 Bf5 7. O-O Bd6 8.
Re1 O-O 9. c4 Re8 10. c5 Bf8 11. Bf4 Nd7 12. Nbd2 Nxf2 13. Kxf2 Bxd3 14. Qb3
Rxe1 15. Rxe1 Ba6 16. Ng5 Qf6 17. Qe3 h6 18. Ngf3 g5 19. Be5 Nxe5 20. Qxe5 Bg7
21. Qxf6 Bxf6 22. Ne5 Kg7 23. Ndf3 Re8 24. Kg3 Bxe5+ 25. dxe5 Bb5 26. h4 Kg6
27. hxg5 hxg5 28. Nd4 Bd7 29. b4 a6 30. Re2 Re7 31. Re1 Bf5 32. b5 axb5 33.
Nxb5 Bd3 34. Nc3 c6 35. Kf3 f6 36. e6 Bf5 37. g4 Bxe6 38. Ne2 d4 39. Nxd4 Bxg4+
40. Kf2 Rxe1 41. Kxe1 f5 42. Ne6 f4 43. Nf8+ Kf7 44. Nh7 Kg6 45. Nf8+ Kg7 0-1

[Event "Polofinale MCR junioru 2013"]
[Site "Havlickuv Brod - hotel Slunce"]
[Date "2013.11.19"]
[Round "3.22"]
[White "Melichar, Vojtech"]
[Black "Skorepa, Tomas"]
[Result "1/2-1/2"]
[WhiteElo "1939"]
[BlackElo "1766"]
[PlyCount "55"]
[EventDate "2013.11.17"]

1. e4 c5 2. Nf3 e6 3. d4 cxd4 4. Nxd4 a6 5. c4 Nf6 6. Nc3 Qc7 7. a3 Be7 8. Be3
d6 9. Be2 Nbd7 10. O-O b6 11. Rc1 Bb7 12. f3 O-O 13. b4 Rac8 14. Qc2 Qb8 15.
Qb1 Rfe8 16. Kh1 d5 17. cxd5 exd5 18. Nxd5 Nxd5 19. exd5 Bxb4 20. axb4 Rxe3 21.
Bd3 Bxd5 22. Bxh7+ Kh8 23. Qf5 Rxc1 24. Rxc1 Qc7 25. Qb1 Qd8 26. Bf5 g6 27. Qb2
Re5 28. Bd3 1/2-1/2

[Event "Polofinale MCR junioru 2013"]
[Site "Havlickuv Brod - hotel Slunce"]
[Date "2013.11.19"]
[Round "3.23"]
[White "Babicka, Michal"]
[Black "Hajek, Oskar"]
[Result "0-1"]
[WhiteElo "1752"]
[BlackElo "1920"]
[PlyCount "58"]
[EventDate "2013.11.17"]

1. c4 Nf6 2. b3 e5 3. Bb2 Nc6 4. Nc3 d5 5. cxd5 Nxd5 6. Nf3 f6 7. e3 Bg4 8.
Nxd5 Qxd5 9. Bc4 Qd7 10. h3 Be6 11. Rc1 O-O-O 12. O-O h5 13. d4 Bxc4 14. bxc4
Qf7 15. Qa4 exd4 16. exd4 a6 17. d5 Nb8 18. Nd4 g5 19. Ne6 Rd7 20. Rfe1 g4 21.
Rc3 gxh3 22. Rxh3 Rg8 23. Qd1 Bb4 24. Ree3 Rh8 25. Qd3 Re7 26. Qf5 Nd7 27. Reg3
Bd6 28. Rg7 Qxg7 29. Nxg7 Re1# 0-1

[Event "Polofinale MCR junioru 2013"]
[Site "Havlickuv Brod - hotel Slunce"]
[Date "2013.11.19"]
[Round "3.24"]
[White "Wagner, Vojtech"]
[Black "Nosek, Jan"]
[Result "1-0"]
[WhiteElo "1887"]
[BlackElo "1717"]
[PlyCount "67"]
[EventDate "2013.11.17"]

1. Nf3 c5 2. g3 Nf6 3. Bg2 g6 4. O-O Bg7 5. d3 d6 6. e4 Nc6 7. c3 O-O 8. Re1
Ng4 9. Nbd2 Nge5 10. Nxe5 Nxe5 11. Qc2 Nc6 12. Nf1 f5 13. f4 fxe4 14. dxe4 Kh8
15. Be3 Rb8 16. Rad1 Qa5 17. a3 Bg4 18. Rd2 a6 19. Bf2 Bc8 20. Ne3 Nd8 21. Nd5
e6 22. Ne3 Nf7 23. Nc4 Qc7 24. Red1 Rd8 25. Ne3 b5 26. g4 Bb7 27. Bg3 Qb6 28.
Kh1 a5 29. g5 a4 30. Ng4 e5 31. Nf6 exf4 32. Bxf4 Ne5 33. Bxe5 dxe5 34. Nd7 1-0

[Event "Polofinale MCR junioru 2013"]
[Site "Havlickuv Brod - hotel Slunce"]
[Date "2013.11.19"]
[Round "3.25"]
[White "Gregor, Jiri"]
[Black "Kamarad, Frantisek"]
[Result "1/2-1/2"]
[WhiteElo "1553"]
[BlackElo "1713"]
[PlyCount "84"]
[EventDate "2013.11.17"]

1. d4 d5 2. Nf3 Nf6 3. Bf4 Nbd7 4. c3 g6 5. h3 Bg7 6. e3 O-O 7. Bd3 c5 8. Nbd2
Re8 9. O-O Nh5 10. Bh2 Qb6 11. Rb1 Nhf6 12. Re1 Nf8 13. dxc5 Qxc5 14. e4 Ne6
15. Nb3 Qb6 16. exd5 Nxd5 17. Bc4 Nf6 18. Qe2 Bd7 19. Ne5 Nd8 20. Rbd1 Be6 21.
Bb5 Nc6 22. Bxc6 bxc6 23. Nd4 c5 24. Nxe6 Qxe6 25. Qc4 Qxc4 26. Nxc4 e6 27. Rd2
Nd5 28. Red1 Rad8 29. Be5 f6 30. Bd6 Bf8 31. Bxf8 Kxf8 32. Na5 Rd6 33. c4 Ra6
34. cxd5 Rxa5 35. dxe6 Rxe6 36. a3 Rb5 37. Rd8+ Kf7 38. R1d7+ Re7 39. Rxe7+
Kxe7 40. Rd2 Rb7 41. Kf1 Ke6 42. Ke2 Ke5 1/2-1/2

[Event "Polofinale MCR junioru 2013"]
[Site "Havlickuv Brod - hotel Slunce"]
[Date "2013.11.19"]
[Round "3.26"]
[White "Seidl, Stepan"]
[Black "Broz, Petr"]
[Result "1-0"]
[WhiteElo "2212"]
[BlackElo "1504"]
[PlyCount "57"]
[EventDate "2013.11.17"]

1. e4 d5 2. exd5 Qxd5 3. Nc3 Qa5 4. d4 c6 5. Bc4 Nf6 6. Bd2 Qc7 7. Nge2 Bf5 8.
Ng3 Bg6 9. f4 e6 10. Qe2 Bd6 11. O-O Nbd7 12. Nce4 Nxe4 13. Nxe4 Bf5 14. c3 Nf6
15. Nxf6+ gxf6 16. Bd3 Bxd3 17. Qxd3 O-O-O 18. Rf3 e5 19. Qf5+ Kb8 20. fxe5
fxe5 21. Bg5 Rd7 22. Bf6 Re8 23. Re1 e4 24. Qxh7 c5 25. Rxe4 Rxe4 26. Qxe4 Be7
27. Be5 Bd6 28. Bxd6 Rxd6 29. Qe8+ 1-0

[Event "Polofinale MCR junioru 2013"]
[Site "Havlickuv Brod - hotel Slunce"]
[Date "2013.11.19"]
[Round "3.27"]
[White "Hanl, Frantisek"]
[Black "Ocko, Dominik"]
[Result "1-0"]
[WhiteElo "1969"]
[BlackElo "1493"]
[PlyCount "67"]
[EventDate "2013.11.17"]

1. e4 c5 2. Nf3 d6 3. d4 cxd4 4. Nxd4 Nf6 5. Nc3 a6 6. Bg5 Nbd7 7. f4 g6 8. Bc4
Qb6 9. Qd2 Bg7 10. O-O-O O-O 11. Bb3 Nc5 12. Bxf6 Bxf6 13. Nd5 Qd8 14. Nxf6+
exf6 15. Bd5 Be6 16. Nxe6 fxe6 17. b4 exd5 18. Qxd5+ Kg7 19. bxc5 Qa5 20. cxd6
Qxd5 21. Rxd5 Rad8 22. Re1 Rfe8 23. e5 fxe5 24. Rdxe5 Rxe5 25. fxe5 Kf7 26. e6+
Ke8 27. Rd1 h6 28. Kb2 b5 29. Kb3 a5 30. Rd5 g5 31. g4 Rb8 32. Rc5 Rd8 33. d7+
Ke7 34. Rc8 1-0

[Event "Polofinale MCR junioru 2013"]
[Site "Havlickuv Brod - hotel Slunce"]
[Date "2013.11.19"]
[Round "3.29"]
[White "Cermak, Jan"]
[Black "Stula, Petr"]
[Result "1-0"]
[WhiteElo "1685"]
[BlackElo "1426"]
[PlyCount "55"]
[EventDate "2013.11.17"]

1. e4 e5 2. Nc3 Nf6 3. f4 d6 4. Nf3 Bg4 5. Bc4 Nbd7 6. d3 Qe7 7. Qe2 O-O-O 8.
O-O Be6 9. Bb3 g6 10. Qf2 Kb8 11. Nb5 Nb6 12. a4 Bxb3 13. cxb3 Ng4 14. Qg3 h5
15. h3 Nf6 16. Qf2 a6 17. a5 Nc8 18. Nc3 Rg8 19. fxe5 dxe5 20. Bg5 Bg7 21. Ne1
Rd6 22. Nd5 Qe6 23. Bxf6 Bxf6 24. Qxf6 Qxf6 25. Rxf6 Rxf6 26. Nxf6 Rd8 27. Nd5
c6 28. Ne3 1-0

[Event "Polofinale MCR junioru 2013"]
[Site "Havlickuv Brod - hotel Slunce"]
[Date "2013.11.21"]
[Round "6.1"]
[White "Marek, Matyas"]
[Black "Petr, Jan"]
[Result "1/2-1/2"]
[WhiteElo "2017"]
[BlackElo "2112"]
[PlyCount "45"]
[EventDate "2013.11.17"]

1. e4 e5 2. Nf3 Nc6 3. d4 exd4 4. Nxd4 Nf6 5. Nc3 Bb4 6. Nxc6 bxc6 7. Bd3 d5 8.
exd5 cxd5 9. O-O O-O 10. h3 h6 11. Bf4 Bd6 12. Qf3 Be6 13. Nb5 Bxf4 14. Qxf4 c5
15. c4 dxc4 16. Bxc4 Bxc4 17. Qxc4 Qb6 18. b3 Rad8 19. Rfd1 a6 20. Nc3 Qb4 21.
Na4 Qxc4 22. bxc4 Rd4 23. Nxc5 1/2-1/2

[Event "Polofinale MCR junioru 2013"]
[Site "Havlickuv Brod - hotel Slunce"]
[Date "2013.11.21"]
[Round "6.2"]
[White "Balacek, Tadeas"]
[Black "Nguyen, Thai Dai Van"]
[Result "1/2-1/2"]
[WhiteElo "2201"]
[BlackElo "2176"]
[PlyCount "106"]
[EventDate "2013.11.17"]

1. d4 Nf6 2. c4 g6 3. g3 Bg7 4. Bg2 d5 5. cxd5 Nxd5 6. e4 Nb6 7. Ne2 O-O 8. O-O
Nc6 9. d5 Na5 10. Nbc3 c6 11. b3 cxd5 12. exd5 Bg4 13. Bd2 e6 14. dxe6 Bxe6 15.
Rc1 Nc6 16. Be3 Qxd1 17. Rfxd1 Rfd8 18. Nf4 Bxc3 19. Rxd8+ Rxd8 20. Nxe6 fxe6
21. Bxb6 axb6 22. Rxc3 Rd1+ 23. Bf1 Kf8 24. Kg2 Ke7 25. Bd3 Nb4 26. Be4 Nxa2
27. Rc7+ Rd7 28. Rxd7+ Kxd7 29. Kf3 Ke7 30. Ke3 Nb4 31. Bxb7 Kd6 32. Kd4 e5+
33. Kc4 Nc2 34. Be4 Nd4 35. h4 Ke6 36. b4 Kf6 37. Kd5 h5 38. f4 Ne2 39. fxe5+
Ke7 40. Bxg6 Nxg3 41. Kc6 Ke6 42. Kxb6 Ne2 43. Kc5 Kxe5 44. b5 Nc3 45. Bxh5
Nxb5 46. Kxb5 Kf6 47. Kc5 Kg7 48. Kd6 Kh8 49. Ke7 Kg8 50. Bg6 Kg7 51. h5 Kh8
52. h6 Kg8 53. Kf6 Kh8 1/2-1/2